LEADER 01198cam0-2200313---450- 001 990005494670403321 005 20101018161108.0 035 $a000549467 035 $aFED01000549467 035 $a(Aleph)000549467FED01 035 $a000549467 100 $a19990604d1963----km-y0itay50------ba 101 0 $aita 102 $aIT 105 $af---b---001yy 200 1 $aMostra delle sculture buddiste dello Swat$esculture rinvenute a Mingora dalla missione archeologica in Pakistan del Centro scavi dell'Ismeo e di Torino assegnate agli enti torinesi e da questi donati al Museo civico$eTorino, Galleria civica d'arte moderna, aprile-maggio 1963 210 $aTorino$cMuseo Civico di Torino$d1963 215 $aIV, 18 p., 107 p. di tav.$d24 cm 517 1 $aSculture buddiste dello Swat 610 0 $aScultura sacra$aSwat$aSec. 1.-2.$aEsposizioni$a1963 676 $a732 712 02$aGAM$c 801 0$aIT$bUNINA$gRICA$2UNIMARC 901 $aBK 912 $a990005494670403321 952 $a732 MOSTRE TORINO 1963$bST.ARTE 6150$fFLFBC 959 $aFLFBC 996 $aMostra delle sculture buddiste dello Swat$9589545 997 $aUNINA LEADER 00809nam0-22003131--450- 001 990008200350403321 005 20051006140138.0 035 $a000820035 035 $aFED01000820035 035 $a(Aleph)000820035FED01 035 $a000820035 100 $a20051006d1976----km-y0itay50------ba 101 0 $aita 102 $aIT 105 $ay-------001yy 200 1 $aDemocraza e definizioni 205 $a4. ed 210 $aBologna$cMulino$d1976 215 $aXIV, 333 p.$d21 cm 225 1 $aSaggi il Mulino$v4 676 $a321.4$v12 rid.$zita 700 1$aSartori,$bGiovanni$f<1924- >$0294427 801 0$aIT$bUNINA$gRICA$2UNIMARC 901 $aBK 912 $a990008200350403321 952 $aVI L 768$b1645$fDDA 959 $aDDA 996 $aDemocraza e definizioni$9734021 997 $aUNINA